LEADER 02424nam a2200445 u 4500 001 000000004590 003 CaOOAMICUS 005 20121120103029.0 008 940514m19771995fr u000 u fre u 035 $a10121531 040 $aEFR$bita$dPUL(R) 041 1 $afre$agrc 082 $a880 100 0 $aPorphyrius Tyrius,$d232/233-305?.$0(OLS)http://pul/name/7019 240 10$aDe abstinentia$9(Porphyry, ca. 234-ca. 305).$lFrench and Greek.$0(OLS)http://pul/title/6637 245 10$aDe l'abstinence /$cPorphyre ; introduction par Jean Bouffartigue et Michel Patillon. 260 $aParis :$bBelles Lettres,$c1977-1995. 300 $a3 v. ;$c21 cm 490 1 $aCollection des universités de France 500 $aFrench translation and Greek text of Peri apoch?s empsych?n; commentary in French. 504 $aIncludes bibliographical references. 505 0 $aT. 1. Livre I / texte établi et traduit par J. Bouffartigue. -- t. 2. Livres II et III / texte établi et traduit par Jean Bouffartigue et Michel Patillon. -- t. 3. Livre IV / texte établi, traduit et annoté par Michel Patillon et Alain Ph. Segonds avec le concours de Luc Brisson. 650 0$aVegetarianism.$2//eng$0(OLS)http://pul/subject/3938 700 1 $aPatillon, Michel,$d1932-$0(OLS)http://pul/name/4755 700 1 $aBouffartigue, Jean,$d1939-$0(OLS)http://pul/name/4756 700 1 $aSegonds, Alain-Philippe,$d1942-$0(OLS)http://pul/name/2930 700 1 $aBrisson, Luc,$d1946-$0(OLS)http://pul/name/4757 830 0$aCollection des universités de France.$0(OLS)http://pul/title/1172 850 $aPUL 852 $aPUL$W1$xSL Cons. Gen., Altre Classi 3$y75$m880 COLL 3.POR.1.2$j6424$nBK-PRI$av. 2$qDDC 21$B6425$CPULBib$Z2$F6425 $H80680 $82 852 $aPUL$W1$xSL Cons. Gen., Altre Classi 3$y75$m880 COLL 3.POR.1.1$j141916$nBK-PRI$av. 1$qDDC 21$B6424$CPULBib$Z2$F6424 $H80681 $82 900 $aPorfirio di Tiro,$dc. 234-c. 305$97019 900 $aPorphyrios,$cdetto il Fenicio,$dc. 234-c. 305$97019 900 $aPorphyrius,$cdetto il Fenicio,$dc. 234-c. 305$97019 900 $aPorphyrius Tyrius,$dc. 234-c. 305$97019 941 1 $a9 996 $6082$a880$9(OLS)http://pul/classification/674 996 $6245$aDe l'abstinence$9(OLS)http://pul/title/6638 996 $6260$aParis :$bBelles Lettres$9(OLS)http://pul/publisher/48155 LEADER 01533nam a2200301 u 4500 001 000000092284 003 CaOOAMICUS 005 20090917114153.0 008 060601s2005 vc u000 u ita u 020 $a88-465-0520-4 035 $a11091413 040 $aPUL$bita 245 03$aIl bambino digitale e l'educazione della virtù /$cChiara Palazzini (ed.) 260 $aCittà del Vaticano :$bLateran University Press,$cc2005. 300 $a173 p. ;$c19 cm 490 1 $aStrumenti ;$v2 500 $aAtti del Convegno organizzato dall'Istituto Pastorale Redemptor Hominis e dal centro Interdisciplinare Lateranense della Pontificia Università, tenutosi il 4 maggio 2005. 650 4$aEducazione$xAspetti morali e religiosi.$0(OLS)http://pul/subject/651 700 1 $aPalazzini, Chiara.$0(OLS)http://pul/name/53635 830 0$aStrumenti (Lateran University Press) ;$v2.$0(OLS)http://pul/title/139772 850 $aPUL 852 $aPUL$W1$xSL Religione 3$y85$m261. 05 COLL 1.2$j116086$nBK-PRI$b $qDDC 21$B116086$CPULBib$Z2$F116086 $HPUL101720 $81 852 $aPUL$W1$xDP2 Religione 3$y114$m261. 05 COLL 1.2.B$j199166$qDDC 21$B203818$CPULBib$Z2$F203818 $H135295 $82 941 1 $a9 983 0$aStrumenti (LUP) 996 $6020$a88-465-0520-4$9(OLS)http://pul/number/121211 996 $6245$aIl bambino digitale e l'educazione della virtù$9(OLS)http://pul/title/119128 996 $6260$aCittà del Vaticano :$bLateran University Press$9(OLS)http://pul/publisher/74585